000 00329nam a22001217a 4500
082 _a973 KRO'W
100 _aKROUT, JOHN A
_946576
245 _aUNITED STATE SINCE 1865 A SUMMARY WITH REVIEW QUESTIONS MIDTERM AND FINAL EXAMINATION
250 _a13TH
260 _aNEWYORK
_bBARNES & NOBLE
_c1957
300 _a270P
942 _cBK
999 _c567989
_d567989